| 000 | 00538nam a2200217Ia 4500 | ||
|---|---|---|---|
| 005 | 20250425162819.0 | ||
| 008 | 250425s9999 xx 000 0 und d | ||
| 020 | _a9788490642146 | ||
| 041 | _aspa | ||
| 044 | _asp | ||
| 082 |
_a659.113 _pVIL |
||
| 100 | _aVILAJOANA ALEJANDRE, SANDRA | ||
| 245 | 0 | _a¿CÓMO DISEÑAR UNA CAMPAÑA DE PUBLICIDAD? | |
| 250 | _a1 ED. | ||
| 264 |
_aEspaña, BARCELONA _bUOC _c2014. |
||
| 300 | _a116 | ||
| 650 | _aCAMPAÑA PUBLICITARIA | ||
| 650 | _aPUBLICIDAD | ||
| 942 | _c01 | ||
| 010 | _a110019 | ||
| 999 |
_c236959 _d236959 |
||